| 000 | 00560nam a2200193 a 4500 | ||
|---|---|---|---|
| 001 | 000035362 | ||
| 005 | 20240514104852.0 | ||
| 008 | 111028s1983 quc 000 0 spa d | ||
| 020 | _a2920418041 | ||
| 040 |
_aDO-SdBNP _bspa _cBNPHU |
||
| 041 | 0 | 7 | _afre |
| 100 | 1 |
_aAnglade, Georges _961160 |
|
| 245 | 1 | 0 |
_aÉloge de la pauvreté / _cpar Georges Anglade. |
| 260 |
_aMontréal : _bERCE, _c1983. |
||
| 300 |
_a63 p. ; _c17 cm. |
||
| 586 | _aDiscurso de aceptación de un premio internacional 1983 | ||
| 650 | 2 | 4 |
_aPobres _zHaití _961161 |
| 650 | 2 | 0 |
_aPobreza _91525 |
| 999 |
_c34853 _d34853 |
||